banner-ar

الاعلام الرقمى وثقافة الانترنت / (Record no. 66898)

MARC details
000 -الفاتح
حقل البيانات ثابتة الطول 00901nam a2200229Ia 4500
005 - وقت وتاريخ اخر تعامل مع التسجيلة
رقم الضبط 20240530110945.0
008 - عناصر البيانات ثابتة الطول - معلومات عامة
حقل البيانات ثابتة الطول 140319s2021 ua a g 000 0 ara d
017 ## - رقم الايداع القانونى
المصدر ( الهيئة المختصة) مصر. دار الكتب
رقم الايداع القانونى 2047/2021
020 ## - الرقم الدولى المعيارى للكتب
الرقم الدولى المعيارى للكتاب 9789776752627
040 ## - مصدر الفهرسة
وكالة الفهرسة الأصلية GCL /
وكالة النسخ GCL
082 04 - رقم تصنيف ديوى العشرى
رقم الطبعة 21
رقم التصنيف 303.4833
رقم المادة ح إ
100 0# - المدخل الرئيسى - إسم شخصى
الإسم الشخصى حنان احمد سليم
245 12 - بيان العنوان
العنوان الاعلام الرقمى وثقافة الانترنت /
بيان المسئوليه,etc اعداد وتحرير حنان احمد سليم ؛ تقديم نايف بن ثنيان ال سعود
250 ## - بيان الطبعة
بيان الطبعة ط. 1
260 ## - PUBLICATION, DISTRIBUTION, ETC. (IMPRINT)
تاريخ النشر أو التوزيع 2021.
300 ## - الوصف المادى
التعداد 293 ص. :
تفاصيل ماديه اخرى للوعاء ايض ؛
أبعاد الوعاء 24 سم.
650 07 - المدخل الاضافى بالموضوع-مصطلح موضوعى
مصطلح موضوعي الاعلام الرقمى
650 07 - المدخل الاضافى بالموضوع-مصطلح موضوعى
مصطلح موضوعي الانترنت
700 0# - المدخل الاضافى - اسم شخصى
الإسم الشخصى نايف بن ثنيان ال سعود
الدور مقدم
942 ## - عناصر المدخل الإضافي( كوها)
مصدر التصنيف او مخطط الترفيف Dewey Decimal Classification
Koha [default] item type كتاب
260 ## - PUBLICATION, DISTRIBUTION, ETC. (IMPRINT)
-- القاهرة :
-- روابط للنشر وتقنية المعلومات،
Holdings
حالة التراجع حالة الفقد حالة تلف ليس للاعارة المكان المؤقت الموقع الحالى موقع الترفيف تاريخ الاكتساب اجمالي اﻻعارات رقم الطلب الباركود تاريخ اخر مشاهدة تاريخ تفعيل السعر نوع وعاء كوها
        مكتبة القاهرة الكبرى مكتبة القاهرة الكبرى ق الرئيسية_العلوم الاجتماعية_ك عربى 11/22/2022   303.4833 ح إ 168877 11/22/2022 11/22/2022 كتاب

Powered By

EGPV